000 00707nam a2200241 a 4500
001 BRCA_7430
005 20190320205831.0
008 050413s1938----nyua######---#000-0#eng-#
041 _aeng
044 _anyu
050 4 _aS3109
_b.F35 1938
100 1 _aFairchild, David Grandison
_918310
245 1 0 _aThe world was my garden
_btravels of a plant explorer
_cby David Grandison Fairchild, assisted by Elizabeth and Alfred Kay.
260 _aNueva York
_bCh. Scribner´s Sons
_c1938
300 _axiv, 494 p.
_bil.
500 _aQ171
650 1 4 _aPlantas
_916368
650 1 4 _aBotánica
_915603
700 1 _aKay, Elizabeth
_918311
700 1 _aKay, Alfred
_918312
902 _aGFM
942 _2lcc
_cB
999 _c7106
_d7106